000 00735cam a2200253u 4500
001 6983145
003 ARRUPE
005 20140515143000.0
008 810304s1953 enk 000 0 eng
010 _a 54020454
040 _aDLC
_cCarP
_dDLC
043 _af------
050 0 0 _aQL336
_b.K6 1953a
100 0 _aYlla,
_d1910-1955.
_910268
245 1 0 _aAnimals in Africa,
260 _aLondon,
_bHarvill Press
_c[1953]
300 _ap. cm.
650 0 _aZoology
_zAfrica.
_910269
650 0 _aAnimals
_vPictorial works.
_910270
650 0 _aAnimal behavior.
_910271
700 1 _aLeakey, L. S. B.
_q(Louis Seymour Bazett),
_d1903-1972.
_910272
906 _a0
_bcbc
_cpremunv
_du
_encip
_f19
_gy-gencatlg
942 _2lcc
_cREFERENCE
999 _c120513
_d120513